000 00325nam a2200133Ia 4500
008 191201s2011 xx 000 0 und d
100 _aGOYAL,Khushdeep
245 0 _aIndustrial Automation and Robotics
250 _a3rd
260 _aN. Delhi
_bS.K.Kataria
_c2011
300 _a410
650 _aM.Tech (ME)
942 _2ddc
_cBK
999 _c5068
_d5068